|
|
|
|
| LEADER |
00000nam a2200000 a 4500 |
| 001 |
vtls009168407 |
| 003 |
SK-MaSNL |
| 005 |
20260301170612.0 |
| 008 |
240318s2007 xo l d p 000 0 slo |
| 015 |
|
|
|a SNBA2008/03-01252
|
| 020 |
|
|
|a 9788022524032
|q (brož.)
|
| 035 |
|
|
|a B39F53AC-7AFA-473A-869A-DCFFF451EFBE
|
| 035 |
|
|
|a urn:nbn:sk:snk-amkq4z
|
| 035 |
|
|
|a urn:nbn:sk:snk-am005dwm
|
| 040 |
|
|
|a SNK
|b slo
|c SNK
|e AACR2
|
| 041 |
0 |
|
|a slo
|
| 044 |
|
|
|a xo
|c SK
|
| 072 |
|
7 |
|a 368
|x Poisťovníctvo
|2 konspekt
|
| 080 |
|
|
|a 368
|2 2001
|
| 080 |
|
|
|a (075.8)
|2 2001
|
| 080 |
|
|
|a (076.5)
|2 2001
|
| 100 |
1 |
|
|a Majtánová, Anna,
|d 1953-
|4 aut
|9 109999
|
| 245 |
1 |
0 |
|a Poisťovníctvo
|p Praktikum : [... projektu VEGA č. 1/1256/04 "Aktuálne problémy poisťovníctva Slovenskej republiky v procese liberalizácie trhu"]
|c Anna Majtánová, Zuzana Krátka, Zuzana Littvová
|
| 250 |
|
|
|a 1. vyd., dotl.
|
| 260 |
|
|
|a Bratislava
|b Vydavateľstvo Ekonóm
|c 2007
|
| 300 |
|
|
|a 229 s.
|b sch., tab.
|c 29 cm
|
| 366 |
|
|
|e 300 výt.
|
| 504 |
|
|
|a Bibliogr. s. 190-192
|
| 650 |
0 |
7 |
|a poisťovníctvo
|2 SNKPH
|9 2517
|
| 650 |
0 |
7 |
|a Insurance
|2 SNKPHeng
|9 267390
|
| 655 |
|
7 |
|a učebnice vysokých škôl
|2 SNKPH
|9 70191
|
| 655 |
|
7 |
|a Textbooks (higher)
|2 SNKPHeng
|9 276436
|
| 655 |
|
7 |
|a praktické cvičenia
|2 SNKPH
|9 70517
|
| 655 |
|
7 |
|a Problems, exercises, etc.
|2 SNKPHeng
|9 278342
|
| 700 |
1 |
|
|a Krátka, Zuzana,
|d 1968-
|4 aut
|9 214166
|
| 700 |
1 |
|
|a Littvová, Zuzana,
|d 1979-
|4 aut
|9 190174
|
| 919 |
|
|
|a 978-80-225-2403-2
|
| 958 |
|
|
|a NB
|
| 968 |
|
|
|d 36
|
| 999 |
|
|
|c 828124
|d 830054
|
| 952 |
|
|
|a SNK
|b SNK
|y PREZ
|7 0
|p 17A0573648
|o snkSB 75428
|i snk2007/27378
|8 0
|0 0
|1 0
|4 0
|d 2007-12-18
|f 1
|l 0
|r 2025-04-28 00:00:00
|w 2026-02-24
|
| 952 |
|
|
|a SNK
|b SNK
|y VYP
|7 0
|p 17A0573649
|o snkSB 75428 D1
|i snk2007/27379
|8 0
|0 0
|1 0
|4 0
|d 2007-12-18
|l 0
|r 2016-06-30 00:00:00
|w 2026-02-24
|